MARC details
| 000 -CABECERA |
| campo de control de longitud fija |
01533nam a2200217 a 4500 |
| 001 - NÚMERO DE CONTROL |
| campo de control |
000042841 |
| 005 - FECHA Y HORA DE LA ÚLTIMA TRANSACCIÓN |
| campo de control |
20201002040434.0 |
| 008 - DATOS DE LONGITUD FIJA--INFORMACIÓN GENERAL |
| campo de control de longitud fija |
140211s1994 dr a 000 0 spa d |
| 040 ## - FUENTE DE LA CATALOGACIÓN |
| Centro catalogador/agencia de origen |
DO-SdBNP |
| Lengua de catalogación |
spa |
| Centro/agencia transcriptor |
BNPHU |
| 082 ## - NÚMERO DE LA CLASIFICACIÓN DECIMAL DEWEY |
| Número de clasificación |
382.6 |
| Número de documento/Ítem |
P969r |
| 245 00 - MENCIÓN DE TÍTULO |
| Título |
Proyecto de reforma de la politica de exportación / |
| Mención de responsabilidad, etc. |
introducción, Ellen Pérez de Cuello. |
| 260 ## - PUBLICACIÓN, DISTRIBUCIÓN, ETC. |
| Lugar de publicación, distribución, etc. |
Santo Domingo : |
| Nombre del editor, distribuidor, etc. |
ADOEXPO, |
| Fecha de publicación, distribución, etc. |
1994. |
| 300 ## - DESCRIPCIÓN FÍSICA |
| Extensión |
127 p. : |
| Otras características físicas |
il. ; |
| Dimensiones |
27 cm. |
| 590 ## - NOTA LOCAL (RLIN) |
| Nota local |
Inventariado, 2018/VM |
| 505 0# - NOTA DE CONTENIDO CON FORMATO |
| Nota de contenido con formato |
La exportaciones, la competencia y la supervivencia/Carlos Despradel 7 -- La modernización y la concentración empresarial frente al comercio exterior/Dalton Daemon 43 -- Tecnología de la información y el comercio internacional 43 -- Planes económicos y desarrollo de las exportaiones/David Tunik 55 -- Técnicas de comercialización de agroexportaciones/David Flood 89 -- Reseña períodistica Técnicas de negociaciones comerciales internacionales /Juan Luis Colaiacovo 104 -- Aplicación del modelo chileno de promoción de exportaciones a la R.D./Fernando Soro 105 -- Asistencia flexible, práctica y directa a la empresa, el CDI y DOMINEX/José Alejandro Ayuso 123 |
| 651 #4 - PUNTO DE ACCESO ADICIONAL DE MATERIA--NOMBRE GEOGRÁFICO |
| Nombre geográfico |
República Dominicana |
| Subdivisión general |
Comercio Exterior |
| -- |
Ensayos, Conferencias, Etc. |
| 9 (RLIN) |
70220 |
| 651 #4 - PUNTO DE ACCESO ADICIONAL DE MATERIA--NOMBRE GEOGRÁFICO |
| Nombre geográfico |
República Dominicana |
| Subdivisión general |
Política Económica |
| -- |
Ensayos, Conferencias, Etc. |
| 9 (RLIN) |
1168 |
| 700 12 - PUNTO DE ACCESO ADICIONAL--NOMBRE DE PERSONA |
| Nombre de persona |
Pérez de Cuello, Ellen |
| Término indicativo de función/relación |
int. |
| 9 (RLIN) |
70221 |
| 710 22 - PUNTO DE ACCESO ADICIONAL--NOMBRE DE ENTIDAD CORPORATIVA |
| Nombre de entidad corporativa o nombre de jurisdicción como elemento de entrada |
Asociación Dominicana de Exportadores, Inc. (República Dominicana) |
| 9 (RLIN) |
70222 |
| 910 ## - DATOS DE OPCIÓN DEL USUARIO (OCLC) |
| Datos de opción del usuario |
Validado. Control de calidad MFF |